00501 a2200121 4500020001800000100002500018245009900043250000800142260004400150999001900194650003100213952013500244 a9789351521846 aNarwal, Abha9180300 aMSc Nursing Entrance Exam Guide (Useful for AIIMS, RAK, Jamia Hamdard, Post Basic BSc Nursing) a4th bJaypee Brothers Medical Publisherc2021 c158822d158822 aNURSING FOUNDATION9181737 00102ddc4070aSNCNbSNCNd2023-05-20e102g809.00o610.73/NARpSNCN-BK-3199r2023-05-20 00:00:00v1295.00w2023-05-20yBKz3199